| 000 -LEADER |
| fixed length control field |
00538nam a22001817a 4500 |
| 008 - FIXED-LENGTH DATA ELEMENTS--GENERAL INFORMATION |
| fixed length control field |
151015b xxu||||| |||| 00| 0 eng d |
| 020 ## - INTERNATIONAL STANDARD BOOK NUMBER |
| International Standard Book Number |
0915552590 |
| 041 0# - LANGUAGE CODE |
| Language code of text/sound track or separate title |
eng |
| 080 ## - UNIVERSAL DECIMAL CLASSIFICATION NUMBER |
| Universal Decimal Classification number |
656.07 |
| 245 10 - TITLE STATEMENT |
| Title |
Advances in consumer research |
| 260 ## - |
| -- |
Duluth, MN: |
| -- |
Association for Consumer Research, |
| -- |
2007. |
| 300 ## - |
| -- |
754 f.: |
| -- |
28 cm. |
| -- |
me il.; |
| 650 #0 - |
| -- |
Sjellja konsumatore |
| 650 #0 - |
| -- |
Marketing |
| 650 #0 - |
| -- |
Sjellja organizative |
| 710 2# - |
| -- |
Association for Consumer Research (U.S.) |
| 942 ## - ADDED ENTRY ELEMENTS (KOHA) |
| Source of classification or shelving scheme |
|
| Item type |
Books |